[Event "Kragero op"]
[Site "Kragero"]
[Date "2023.02.24"]
[Round "6"]
[White "Hestholm, Gustav"]
[Black "Gonzalez, Francisco Silva"]
[Result "0-1"]
[WhiteElo "1885"]
[BlackElo "2043"]
[PlyCount "78"]
[EventDate "2023.02.22"]
[EventType "swiss"]
[EventRounds "9"]
[EventCountry "NOR"]
[SourceTitle "CBM 212 Extra"]
[Source "ChessBase"]
[SourceDate "2023.03.31"]
[SourceVersion "1"]
[SourceVersionDate "2023.03.31"]
[SourceQuality "1"]

1. e4 e5 2. Nf3 Nc6 3. Bb5 a6 4. Ba4 Nf6 5. 0-0 b5 6. Bb3 Bc5 7. c3 d6 8. d4 Bb6 9. a4 Bb7 10. Re1 0-0 11. Na3 exd4 12. cxd4 Na5 13. d5 Re8 14. Bc2 b4 15. Nb1 Ng4 16. Re2 f5 17. Bg5 Qd7 18. Nbd2 h6 19. Be3 Nxe3 20. fxe3 f4 21. Nd4 fxe3 22. N2f3 c6 23. dxc6 Nxc6 24. Nf5 Rad8 25. Bb3+ Kh7 26. Nxe3 Ne5 27. Bc2 Kh8 28. Kh1 Ng4 29. Nxg4 Qxg4 30. Qd3 Rf8 31. h3 Qg3 32. Rf1 Bc8 33. Nd2 Rxf1+ 34. Nxf1 Qe5 35. Ne3 Rf8 36. b3 Bc5 37. Re1 Bxh3 38. gxh3 Qg3 39. Ng2 Rf3 0-1

[Event "Kragero op"]
[Site "Kragero"]
[Date "2023.02.23"]
[Round "3"]
[White "Myagmarsuren, Evsuld"]
[Black "Hestholm, Gustav"]
[Result "1-0"]
[WhiteElo "2188"]
[BlackElo "1885"]
[PlyCount "70"]
[EventDate "2023.02.22"]
[EventType "swiss"]
[EventRounds "9"]
[EventCountry "NOR"]
[SourceTitle "CBM 212 Extra"]
[Source "ChessBase"]
[SourceDate "2023.03.31"]
[SourceVersion "1"]
[SourceVersionDate "2023.03.31"]
[SourceQuality "1"]

1. e4 c5 2. Nf3 d6 3. d4 cxd4 4. Nxd4 Nf6 5. Nc3 Nc6 6. Bg5 e6 7. Qd2 a6 8. 0-0-0 Bd7 9. f4 Be7 10. Nf3 b5 11. Bxf6 gxf6 12. f5 Qb6 13. Kb1 0-0-0 14. fxe6 fxe6 15. g3 Kb8 16. Bh3 Bc8 17. Rhf1 b4 18. Ne2 d5 19. Qd3 a5 20. exd5 Ba6 21. Qe4 exd5 22. Qf4+ Bd6 23. Qd2 Rhe8 24. Rfe1 Bc5 25. Nf4 Ne5 26. Nxe5 fxe5 27. Nxd5 Qc6 28. Bg2 Bb7 29. Be4 Bd4 30. Qg2 Rd7 31. Ne7 Qc5 32. Nc6+ Bxc6 33. Bxc6 Rf8 34. Bxd7 Bc3 35. Rf1 Rd8 1-0

[Event "Helsingor Xtracon op"]
[Site "Helsingor"]
[Date "2017.07.24"]
[Round "4"]
[White "Hestholm, Gustav"]
[Black "Hansen, Anders1111"]
[Result "1/2-1/2"]
[WhiteElo "1379"]
[BlackElo "1624"]
[PlyCount "57"]
[EventDate "2017.07.22"]
[EventType "swiss"]
[EventRounds "10"]
[EventCountry "DEN"]
[SourceTitle "CBM 179 Extra"]
[Source "ChessBase"]
[SourceDate "2017.08.23"]
[SourceVersion "1"]
[SourceVersionDate "2017.08.23"]
[SourceQuality "1"]

1. e4 c5 2. c3 Nc6 3. d4 cxd4 4. cxd4 e6 5. Nf3 Qc7 6. Nc3 a6 7. Bc4 b5 8. Bb3 Bb7 9. 0-0 h5 10. d5 Ne5 11. Bf4 Bd6 12. Bxe5 Bxe5 13. Nxe5 Qxe5 14. f4 Qc7 15. Qd4 Kf8 16. Rac1 Qb8 17. e5 Ne7 18. Qc5 Qa7 19. Qxa7 Rxa7 20. dxe6 fxe6 21. Rfd1 Bc6 22. Ne2 Ra8 23. Nd4 Bd5 24. Rc7 Ke8 25. Rdc1 Kd8 26. g3 Nc6 27. Bxd5 Kxc7 28. Nxe6+ Kb6 29. Nxg7 1/2-1/2

[Event "Sandnes CC-ch B"]
[Site "Sandnes"]
[Date "2017.02.28"]
[Round "3"]
[White "Abdelhafiz, Ahmad"]
[Black "Hestholm, Gustav"]
[Result "0-1"]
[WhiteElo "1507"]
[BlackElo "1239"]
[PlyCount "100"]
[EventDate "2017.02.07"]
[EventType "swiss"]
[EventRounds "7"]
[EventCountry "NOR"]
[SourceTitle "EXT 2024"]
[Source "ChessBase"]
[SourceDate "2023.10.10"]
[SourceVersion "1"]
[SourceVersionDate "2023.10.10"]
[SourceQuality "1"]

1. e4 d5 2. exd5 Qxd5 3. Nc3 Qd6 4. d4 Nf6 5. Nf3 c6 6. Bc4 Bg4 7. 0-0 Bxf3 8. Qxf3 Qxd4 9. Bb3 Nbd7 10. Bg5 Qg4 11. Qe3 h6 12. Bf4 Nh5 13. Bg3 Nxg3 14. fxg3 e6 15. Rad1 Bc5 16. Qxc5 Nxc5 17. Rf4 Qg6 18. Bc4 0-0 19. b4 Qxc2 20. Rf3 Ne4 21. Bb3 Qb2 22. Nxe4 Rfd8 23. Rdf1 Qd4+ 24. Nf2 a5 25. bxa5 Rxa5 26. Rd3 Qb6 27. Rf3 Rf5 28. Rxf5 exf5 29. Kh1 Rd2 30. Nh3 Qb5 31. Re1 Re2 32. Rb1 Qe5 33. Ng1 Qe4 34. Nxe2 Qxb1+ 35. Ng1 b5 36. h3 c5 37. Kh2 c4 38. Bxc4 bxc4 39. a4 c3 40. Ne2 c2 41. a5 Qd1 42. Nc3 Qd2 43. a6 Qxc3 44. a7 Qa3 45. a8Q+ Qxa8 46. g4 c1Q 47. h4 Qd2 48. Kg3 Qe3+ 49. Kh2 Qf2 50. gxf5 Qaxg2# 0-1

[Event "Helsingor Xtracon op"]
[Site "Helsingor"]
[Date "2016.07.28"]
[Round "7"]
[White "Hestholm, Gustav"]
[Black "Frederiksen, Jacob"]
[Result "1-0"]
[WhiteElo "1055"]
[BlackElo "1382"]
[PlyCount "55"]
[EventDate "2016.07.23"]
[EventType "swiss"]
[EventRounds "10"]
[EventCountry "DEN"]
[SourceTitle "CBM 173 Extra"]
[Source "ChessBase"]
[SourceDate "2016.08.29"]
[SourceVersion "1"]
[SourceVersionDate "2016.08.29"]
[SourceQuality "1"]

1. e4 c5 2. c3 Nf6 3. e5 Nd5 4. d4 cxd4 5. Nf3 Nc6 6. cxd4 d6 7. exd6 exd6 8. Bc4 Be6 9. 0-0 Be7 10. Qb3 Nc7 11. d5 Na5 12. Qa4+ b5 13. Bxb5+ Nxb5 14. Qxb5+ Bd7 15. Qe2 0-0 16. Bd2 Nb7 17. Re1 Bf6 18. Bc3 Bxc3 19. Nxc3 Nc5 20. Qe7 Qb6 21. Rab1 f6 22. Qe3 Rae8 23. Qd2 Bf5 24. Rxe8 Rxe8 25. Re1 Rb8 26. b3 Rc8 27. Nd4 Nd3 28. Nxf5 1-0

[Event "Helsingor Xtracon op"]
[Site "Helsingor"]
[Date "2016.07.24"]
[Round "3"]
[White "Hestholm, Gustav"]
[Black "Glaschak, Joachim"]
[Result "1/2-1/2"]
[WhiteElo "1055"]
[BlackElo "1570"]
[PlyCount "57"]
[EventDate "2016.07.23"]
[EventType "swiss"]
[EventRounds "10"]
[EventCountry "DEN"]
[SourceTitle "CBM 173 Extra"]
[Source "ChessBase"]
[SourceDate "2016.08.29"]
[SourceVersion "1"]
[SourceVersionDate "2016.08.29"]
[SourceQuality "1"]

1. e4 c6 2. d4 d5 3. exd5 cxd5 4. c4 e6 5. Nc3 Nf6 6. Qb3 Nbd7 7. cxd5 Nxd5 8. Nxd5 Qa5+ 9. Nc3 Nf6 10. Qb5+ Qxb5 11. Nxb5 Nd5 12. Bc4 a6 13. Bxd5 axb5 14. Bf3 Ra4 15. Ne2 Bb4+ 16. Bd2 Bxd2+ 17. Kxd2 0-0 18. g4 Rd8 19. Kc3 Rc4+ 20. Kd3 e5 21. d5 Be6 22. Nc3 Rc5 23. h4 f5 24. gxf5 Bxf5+ 25. Be4 Bxe4+ 26. Kxe4 b4 27. Ne2 Rcxd5 28. a3 Rd2 29. Rhe1 1/2-1/2